Co zakłada się pacjentowi w szpitalu? - Statystyki

Ogólne statystyki
  • Ten quiz został rozwiązany 24 razy
  • Średni wynik to 2 z 6
Statystyki odpowiedzi
Hint Odpowiedź % Poprawnych
2. Wenflon
74%
3. Cewnik
48%
5. Gips
43%
6. Opatrunek
39%
4. Szwy
26%
1. Kartę pacjenta
4%
Nie znaleziono quizów pasujących do podanych kryteriów
Rozkład punktacji
Procent ludzi z każdym wynikiem
Percentyl według liczby udzielonych odpowiedzi
Twoja historia wyników
Nie rozwiązałeś tego quizu